[Event "Autumn Cup"]
[Site "Wellington Chess Club"]
[Date "2014.05.08"]
[Round "2"]
[White "Roberts, Michael"]
[Black "Brockway, Andrew"]
[Result "1-0"]
[WhiteElo "1759"]
[BlackElo "1769"]

1. d4 Nf6 2. c4 e6 3. Nc3 Bb4 4. e3 b6 5. Bd3 Bb7 6. f3 O-O 7. Ne2 Re8 8. O-O
Bf8 9. Qc2 d6 10. Bd2 Nbd7 11. Ng3 g6 12. Nce4 Nxe4 13. Nxe4 Bg7 14. Bc3 f5 15.
Ng3 e5 16. Rae1 Nf6 17. dxe5 dxe5 18. Rd1 Qe7 19. e4 f4 20. Nh1 h5 21. Nf2 c5
22. Be2 Red8 23. Nd3 Ne8 24. b4 Qc7 25. bxc5 bxc5 26. Qd2 Ba6 27. Ba5 Qd6 28.
Bxd8 Rxd8 29. Qc2 Qd4+ 30. Nf2 1-0

[Event "Autumn Cup"]
[Site "Wellington Chess Club"]
[Date "2014.05.08"]
[Round "2"]
[White "Stoeveken, Peter"]
[Black "Rossiter, Philip"]
[Result "1-0"]
[WhiteElo "1886"]
[BlackElo "1831"]

1. d4 Nf6 2. Bg5 Ne4 3. Bd2 d5 4. e3 Bf5 5. Nf3 e6 6. Nc3 Nd7 7. Bd3 Be7 8.
Bxe4 Bxe4 9. Nxe4 dxe4 10. Ng1 Nf6 11. Ne2 c5 12. c3 O-O 13. a3 Rc8 14. Qa4 a6
15. b4 cxd4 16. exd4 Nd5 17. Qc2 f5 18. c4 Qd7 19. Qb3 Nb6 20. Rc1 Kh8 21. Be3
Qa4 22. Qxa4 Nxa4 23. Nf4 Nb2 24. c5 Nd3+ 25. Nxd3 exd3 26. Rc3 Rcd8 27. Rxd3
Bf6 28. f4 e5 29. fxe5 Bxe5 30. O-O f4 31. Bf2 g5 32. Rfd1 Bb8 33. d5 Be5 34.
d6 g4 35. Re1 Rfe8 36. Kf1 g3 37. hxg3 fxg3 38. Bxg3 Rf8+ 39. Kg1 Bf6 40. Be5
Bxe5 41. Rxe5 Rf7 42. Rde3 Kg7 43. Re7 b6 44. Rxf7+ Kxf7 45. Re7+ Kg6 46. Ra7
1-0

[Event "Autumn Cup"]
[Site "Wellington Chess Club"]
[Date "2014.05.08"]
[Round "2"]
[White "Van der Hoorn, Mark"]
[Black "Sellen, Ian"]
[Result "1-0"]
[WhiteElo "2250"]
[BlackElo "2093"]

1. d4 d5 2. Bf4 Nf6 3. e3 c6 4. Nd2 e6 5. Ngf3 Bd6 6. Ne5 O-O 7. Bd3 c5 8. c3
Nc6 9. h4 {An early sign that Mark is going for the quick win} 9... Qc7 10.
Ndf3 Ne4 11. Ng5 $5 {Very enterprising play! I may not be the most accurate
move, but it invites me to go wrong, which I do fairly promptly..} 11... Nxe5 (
{This should be ok - also possible is } 11... f6 12. Bxe4 dxe4 13. Qh5 fxg5 14.
hxg5 g6 15. Nxg6 hxg6 16. Qxg6+ Qg7 17. Qxg7+ Kxg7 18. Bxd6 Rf5 {which is a
double edged position that I would prefer to play as black I think} ) 12. Bxe4
dxe4 13. Nxe4 {Up to here is quite level, but now I start to go seriously
wrong} 13... Nc4 $2 {White is already winning now, and it gets worse. I must
have hoped to hold on to material, even though I knew in my heart that I
couldn't}  (13... Rd8 14. Nxd6 Ng6 15. Bg3 Rxd6 16. Bxd6 (16. h5 Nf8 {Fairly
level despite the ugly pin} ) 16... Qxd6)  (13... Nd3+ 14. Qxd3 Bxf4 15. exf4
Rd8 {is not too bad too, as suggested by Mark after the game} ) 14. Nxd6 Nxd6
15. dxc5 Rd8 16. Bxd6 Qc6 17. Qd4 b6 18. b4 Qxg2 {Looks crazy, but Houdini
gives this as the best try} 19. O-O-O bxc5 ( {now} 19... Qxf2 {is suggested,
but who in their right mind would dare to do this?} ) 20. Qxc5 Bb7 ( {I had to
try} 20... Qe4 {, but after } 21. Rhg1 g6 22. Qg5 Re8 23. Rd4 {who would want
to be playing with the black pieces?} ) 21. Rhg1 Qf3 22. Rxg7+ $1 {Black is
utterly lost. If I take the rook, checkmate follows quickly} 22... Kh8 (22...
Kxg7 23. Qg5+ Kh8 24. Be5+ f6 25. Bxf6+ Qxf6 26. Qxf6+ Kg8 27. Rg1+ Bg2 28.
Rxg2#) 23. Rdg1 Rac8 24. Be5 f6 25. Rxh7+ Kxh7 26. Qe7+ Kh6 27. Qg7+ Kh5 28.
Qh7# 1-0

[Event "Autumn Cup"]
[Site "Wellington Chess Club"]
[Date "2014.05.08"]
[Round "2"]
[White "Wilkins, Mark"]
[Black "Jackson, Ross"]
[Result "0-1"]
[WhiteElo "1898"]
[BlackElo "2013"]

1. d4 Nf6 2. Bg5 Ne4 3. Bf4 d5 4. Nd2 Bf5 5. Ngf3 c6 6. e3 e6 7. Be2 Bd6 8.
Bxd6 Qxd6 9. Nh4 Bg6 10. a3 Nd7 11. c4 Ndf6 12. O-O Qd8 13. Nhf3 Nd7 14. Rc1
O-O 15. b4 Nxd2 16. Qxd2 dxc4 17. Bxc4 Be4 18. Qe2 Rc8 19. Rfd1 Qf6 20. Nd2 Bg6
21. f4 Kh8 22. Nf3 Be4 23. Ng5 Bg6 24. Qf2 h6 25. Nf3 Be4 26. Rd2 Nb6 27. Be2
Rfd8 28. Ne5 Nd5 29. h4 Qe7 30. g4 f6 31. Nf3 Rf8 32. Bd3 Bxd3 33. Rxd3 g6 34.
g5 fxg5 35. hxg5 h5 36. Ne5 Kg7 37. Qf3 Qe8 38. Rc2 Nb6 39. Rh2 Nd7 40. Nc4 Qe7
41. Nd2 Rce8 42. Qh3 Qf7 43. Ne4 Qe7 44. Ng3 Qd6 45. Ne4 Qd5 46. Nf2 Qc4 47.
Qf3 e5 48. Rh4 e4 49. Qh3 exd3 50. Qxd7+ Qf7 51. Qxf7+ Rxf7 52. Nxd3 Rxe3 53.
Ne5 Rxa3 54. Nxf7 Kxf7 55. f5 Rg3+ 56. Kf2 Rxg5 57. fxg6+ Kxg6 58. Ke3 Rb5 0-1

[Event "Autumn Cup"]
[Site "Wellington Chess Club"]
[Date "2014.05.15"]
[Round "3"]
[White "Asplet, Mike"]
[Black "Facchini, Fabrizio"]
[Result "0-1"]
[WhiteElo "1358"]
[BlackElo "1288"]

1. e4 e6 2. d4 d5 3. e5 c5 4. c3 Nc6 5. Nf3 Qb6 6. Qb3 Qc7 7. Be3 Nge7 8. Be2
Nf5 9. Bf4 cxd4 10. Bd3 Na5 11. Qa4+ Bd7 12. Bb5 Nc6 13. cxd4 Qb6 14. O-O Nfxd4
15. Nxd4 Qxd4 16. Qxd4 Nxd4 17. Bxd7+ Kxd7 18. Nc3 Bb4 19. Bd2 Rhc8 20. Kh1 Ne2
21. Nxe2 Bxd2 22. f4 Rc2 23. b3 Be3 24. Ng3 Rac8 25. Nh5 d4 0-1

[Event "Autumn Cup"]
[Site "Wellington Chess Club"]
[Date "2014.05.15"]
[Round "3"]
[White "Brockway, Andrew"]
[Black "Kay, Bruce"]
[Result "1-0"]
[WhiteElo "1769"]
[BlackElo "1755"]

{ Bruce and I have had a string of draws. I find him a tough nut to crack and
enjoy playing him. } 1. e4 e5 2. Nf3 Nc6 3. Bb5 a6 4. Bxc6 dxc6 { The idea of
the Ruy Lopez Exchange variation is to saddle black with a useless queenside
majority while white has a powerful kingside majority. If all the pieces come
off white has a winning ending. The downside for white is giving up the bishop
pair. } 5. O-O f6 6. d4 exd4 7. Nxd4 c5 8. Nb3 Qxd1 9. Rxd1 { According to my
book the main move for white here is Bg4. I was expecting Bd7 from Bruce based
on a game with Arthur Pomeroy. } 9... Bd7 10. Bf4 O-O-O 11. Nc3 Be6 12. Rxd8+
Kxd8 13. Rd1+ Kc8 14. Nd5 Bxd5 15. Rxd5 { This is where I had got to in my home
preparation. I was happy with my position given Bruce no longer has the bishop
pair but still has the crippled queenside majority. } 15... b6 16. Rd2 Ne7 17.
Bg3 Nc6 18. f3 c4 { I was little less happy here give my knight has to retreat
to the back rank. } 19. Nc1 Bc5+ 20. Bf2 Bxf2+ 21. Kxf2 c3 22. bxc3 Rd8 { I was
unsure what to do here but in the end decided to swap rooks and get my king in
a position to cover c4 and to get my kingside pawns rolling. } 23. Rxd8+ Kxd8
24. Ke3 Ke7 25. Nd3 { My queenside pawn structure has been shattered at the
cost of a pawn to Bruce. After some contemplation I thought Bruce couldn't get
much going on the queenside. } 25... a5 26. f4 Ke6 27. g4 g5 28. h3 h6 29. Kf3
Kd6 { Around here I wasn't sure how to make progress as I thought Bruce would
try and sit tight and avoid swapping knights. } 30. Kg3 Ke6 31. h4 Kd6 32. hxg5
hxg5 33. Kf3 Ke6 34. Ke3 Kd6 { Here I came up with the idea of the check
followed by taking the g pawn and my king penetrating via e4. } 35. e5+ fxe5
36. fxg5 Ne7 37. Ke4 Ng6 38. Kf5 Ne7+ 39. Kf6 e4 { I was concerned after moving
the knight to f4 that Bruce would play the knight check and after the exchange
there would be a pawn race. Hiarcs says Nf4 is winning. I failed to notice that
my pawn queens with check and the win is easy from there. See the variation. }
40. Ne1 (40. Nf4 Nd5+ 41. Nxd5 Kxd5 42. g6 e3 43. g7 e2) 40... e3 (40... Nd5+ {
If Bruce had played Nd5+ most of my advantage would have  gone. } ) 41. g6 e2
42. g5 Kd7 43. Kf7 Kd6 44. g7 Kd7 45. g8=Q Nxg8 46. Kxg8 Ke7 47. Kh7 1-0

[Event "Autumn Cup"]
[Site "Wellington Chess Club"]
[Date "2014.05.15"]
[Round "3"]
[White "Cunningham, Patrick"]
[Black "Roberts, Michael"]
[Result "1/2-1/2"]
[WhiteElo "1766"]
[BlackElo "1759"]

1. e4 e5 2. Nf3 Nf6 3. Nc3 d6 4. d4 exd4 5. Nxd4 g6 6. Be2 Bg7 7. Bg5 h6 8. Be3
O-O 9. Qd2 Kh7 10. h3 Nc6 11. O-O Bd7 12. Rfe1 Nxd4 13. Bxd4 Bc6 14. Bf3 Re8
15. Rad1 b5 16. a3 a5 17. Nd5 Nxd5 18. Bxg7 Kxg7 19. exd5 Bd7 20. Rxe8 Bxe8 21.
Re1 Bd7 22. Qc3+ Kh7 23. Re3 a4 24. Qe1 Qf8 25. Be4 Re8 26. Bd3 Rxe3 27. Qxe3
Qe8 28. Qxe8 Bxe8 29. c4 bxc4 30. Bxc4 Kg7 31. b3 Kf6 32. bxa4 Bxa4 33. f4 Kf5
34. g3 Ke4 35. Kf2 Kd4 36. Ba2 c5 37. dxc6 Bxc6 38. Bxf7 Be4 39. a4 Kc5 40. Ke3
d5 41. h4 Bf5 42. h5 gxh5 43. Bxh5 d4+ 44. Kd2 Kb4 45. g4 Bd7 46. g5 hxg5 47.
fxg5 Kxa4 {draw agreed, although there is a win for White here} 1/2-1/2

[Event "Autumn Cup"]
[Site "Wellington Chess Club"]
[Date "2014.05.15"]
[Round "3"]
[White "Jackson, Ross"]
[Black "Perry, Roger"]
[Result "0-1"]
[WhiteElo "2013"]
[BlackElo "2074"]

1. d4 Nf6 2. c4 g6 3. Nf3 Bg7 4. Nc3 d5 5. e3 O-O 6. Bd3 c5 7. cxd5 cxd4 8.
Nxd4 Nxd5 9. Nde2 Nc6 10. Nxd5 Qxd5 11. O-O Rd8 12. Nf4 Qd6 13. Be2 e5 14. Qxd6
Rxd6 15. Nd3 Bf5 16. Nc5 b6 17. Nb3 Rad8 18. f3 e4 19. Bb5 exf3 20. gxf3 Bh3
21. Re1 Nb4 22. Re2 Rd1+ 23. Kf2 Bf1 24. Bd2 Rxa1 25. Nxa1 Bxe2 26. Kxe2 Bxb2
27. Bxb4 Bxa1 28. Bc4 Bf6 29. Bd2 Kg7 30. e4 Bd4 31. Bd5 f5 32. Kd3 Be5 33. h3
Kf6 34. h4 f4 35. a4 g5 36. Be1 h5 37. a5 g4 38. fxg4 hxg4 39. axb6 axb6 40.
Bf2 b5 41. Ke2 f3+ 42. Ke3 g3 43. Kxf3 gxf2 0-1

[Event "Autumn Cup"]
[Site "Wellington Chess Club"]
[Date "2014.05.15"]
[Round "3"]
[White "List, Robert"]
[Black "Farrington, Lawrence"]
[Result "0-1"]
[WhiteElo "1661"]
[BlackElo "1733"]

1. e4 e6 2. d4 d5 3. e5 c5 4. c3 Nc6 5. Nf3 Qb6 6. Bd3 cxd4 7. cxd4 Bd7 8. O-O
Nxd4 9. Nbd2 Nxf3+ 10. Nxf3 Bc5 11. a3 Qd8 12. b4 Bb6 13. a4 a6 14. Ba3 h6 15.
Rc1 Ne7 16. a5 Ba7 17. Qb3 O-O 18. Bb1 Bb5 19. Rfe1 Rc8 20. Rxc8 Qxc8 21. Rc1
Qd7 22. Qc2 g6 23. Qd2 Kg7 24. Nd4 Bxd4 25. Qxd4 Rc8 26. Qf4 Qe8 27. Qf6+ Kh7
28. Re1 Ng8 29. Qf3 Qe7 30. g3 Kg7 31. h4 h5 32. Bc1 Qxb4 33. Rd1 Qc3 34. Qf4
Qc4 35. Qe3 Qc3 36. Qf4 Qxa5 37. g4 Rc4 38. Rd4 Qe1+ 39. Kg2 Rxc1 40. Bd3 Bxd3
( {or} 40... Qh1+ 41. Kg3 Rg1#) 0-1

[Event "Autumn Cup"]
[Site "Wellington Chess Club"]
[Date "2014.05.15"]
[Round "3"]
[White "MacDonald, John"]
[Black "Meravanage, Satwik"]
[Result "1-0"]
[WhiteElo "1505"]
[BlackElo "1316"]

1. d4 d5 2. Bg5 Nf6 3. e3 c5 4. c3 Nc6 5. Nf3 Bf5 6. Bb5 Qb6 7. Bd3 Qxb2 8.
Bxf5 Qxa1 9. Qc2 Na5 10. Nd2 c4 11. O-O e6 12. Bh3 Nd7 13. Na3 Qxf1+ 14. Kxf1
Bxa3 15. Qa4 Bc1 16. Nf3 a6 17. Qxa5 b6 18. Qb4 f6 19. Bf4 f5 20. Bg5 Kf7 21.
Qe7+ Kg6 22. Nh4+ Kh5 23. Qxg7 h6 24. Qg6# 1-0

[Event "Autumn Cup"]
[Site "Wellington Chess Club"]
[Date "2014.05.15"]
[Round "3"]
[White "Nyberg, Michael"]
[Black "Wilkins, Mark"]
[Result "1-0"]
[WhiteElo "2030"]
[BlackElo "1898"]

1. d4 Nf6 2. c4 e6 3. Nf3 Bb4+ 4. Nbd2 b6 5. a3 Be7 6. e3 Bb7 7. Bd3 d6 8. Qe2
Nbd7 9. b3 e5 10. Bc2 h6 11. Bb2 e4 12. Nh4 d5 13. Nf5 g6 14. Ng3 c6 15. f4 h5
16. O-O-O Qc7 17. Kb1 a5 18. Rc1 Ba6 19. Qe1 Qb7 20. h4 Ng4 21. f5 Rf8 22. fxg6
fxg6 23. Ngxe4 dxe4 24. Bxe4 Nf2 25. Bxg6+ Kd8 26. Rf1 Rf6 27. Bc2 Ng4 28. Rf5
Rxf5 29. Bxf5 Ndf6 30. e4 b5 31. e5 Nd7 32. c5 b4 33. a4 Bf8 34. Nc4 Bxc4 35.
Rxc4 Bh6 36. Bxg4 hxg4 37. Qe4 Nf8 38. Ka2 Qd7 39. Rc2 Kc7 40. Rf2 Re8 41. Qe2
Re7 42. Qa6 Ne6 43. Qxa5+ Kc8 44. Qxb4 Qd5 45. Qc3 Ra7 46. Ka3 Nf4 47. Bc1 Qe4
48. Qc4 Nd3 49. Qg8+ Kb7 50. Rf7+ Ka6 51. Qc8+ 1-0

[Event "Autumn Cup"]
[Site "Wellington Chess Club"]
[Date "2014.05.15"]
[Round "3"]
[White "Rossiter, Philip"]
[Black "Frost, Paul"]
[Result "0-1"]
[WhiteElo "1831"]
[BlackElo "1814"]

1. c4 e6 2. Nc3 f5 3. Nf3 Nf6 4. d4 d5 5. g3 dxc4 6. Bg2 c6 7. O-O Be7 8. Qc2
Na6 9. a3 Nc7 10. e4 O-O 11. Re1 fxe4 12. Nxe4 b5 13. Bf4 Ncd5 14. Bg5 Bd7 15.
Rad1 a5 16. Ne5 Nxe4 17. Bxe4 Be8 18. Bxe7 Nxe7 19. Bxh7+ Kh8 20. Bg6 Bxg6 21.
Nxg6+ Nxg6 22. Qxg6 Rf6 23. Qh5+ Kg8 24. Re4 Qd7 25. Rde1 Raf8 26. f4 Rf5 27.
Qe2 Qd5 28. Qe3 Rd8 29. Rxe6 Qxd4 30. Re8+ Rf8 31. Rxf8+ Kxf8 32. Kg2 Qxe3 33.
Rxe3 Rd2+ 34. Kg1 Rxb2 35. Re6 b4 36. Rxc6 c3 37. axb4 axb4 38. Rc8+ Ke7 39.
Kf1 Rxh2 40. Ke1 c2 41. Rc4 b3 0-1

[Event "Autumn Cup"]
[Site "Wellington Chess Club"]
[Date "2014.05.15"]
[Round "3"]
[White "Sellen, Ian"]
[Black "Dive, Russell"]
[Result "0-1"]
[WhiteElo "2093"]
[BlackElo "2451"]

1. c4 e5 2. Nc3 g6 3. Nf3 Bg7 4. d3 f5 5. e4 d6 6. Be2 Nf6 7. Bd2 Nc6 8. Rc1
O-O 9. a3 a5 10. O-O Kh8 11. Ne1 Be6 12. f4 fxe4 13. dxe4 exf4 14. Bxf4 Nd7 15.
Qd2 Nc5 16. Rd1 Nb3 17. Qd3 Ncd4 18. Be3 Qd7 19. Nf3 Nxe2+ 20. Qxe2 Qc6 (20...
Bxc3 21. Qc2 $10) 21. Nd5 Rae8 22. Nd4 (22. Ng5 Bg8 23. Rxf8 Rxf8 24. Rf1 Nd4
25. Qd3 $10) 22... Nxd4 23. Bxd4 Bxd4+ 24. Rxd4 {allowing a pin, but it should
be ok} 24... Qc5 25. Rd1 Bxd5 26. cxd5 Rf4 27. Kh1 Ref8 28. Kg1 Kg7 29. g3 Rf3
30. Kg2 Rb3 31. e5 $6 {tempting, but possibly a mistake. Now White has to give
up a pawn, although the passed e pawn is probably sufficient compensation}  (
31. R1d2 {and black can't break through, should be a draw e.g.} 31... Rbf3 32.
Qxf3 Rxf3 33. Kxf3 $10) 31... Qb6 32. e6 Rxb2 33. R1d2 $2 ( {The wrong rook,
and the decisive mistake} 33. R4d2 Rxd2 34. Rxd2 { is given as level} ) 33...
Qxd4 $1 34. Rxb2 Qxd5+ 35. Kh3 $2 {fatal, but White is losing anyway}  (35. Kg1
Rf5 36. Rb1 Qd4+ 37. Kg2 Re5 {wins} ) 35... Rf5 36. e7 Rh5+ 37. Qxh5 Qxh5+ 0-1

[Event "Autumn Cup"]
[Site "Wellington Chess Club"]
[Date "2014.05.15"]
[Round "3"]
[White "Stone, Andrew"]
[Black "Croad, Nicolas"]
[Result "0-1"]
[WhiteElo "2075"]
[BlackElo "2357"]

1. e4 c5 2. d4 cxd4 3. c3 dxc3 4. Nxc3 Nc6 5. Nf3 d6 6. Bc4 a6 7. O-O Nf6 8. b4
Bg4 9. b5 axb5 10. Bxb5 g6 11. h3 Bxf3 12. Qxf3 Nd7 13. Bb2 Bg7 14. Rfd1 O-O
15. Qg3 Nc5 16. Rab1 Nd4 17. Bf1 Rc8 18. Nd5 e5 19. f3 Ra8 20. Bxd4 exd4 21.
Bc4 Ra3 22. Qf2 Kh8 23. Qb2 Ra4 24. Nb6 d3 25. Qb5 Ra3 26. Qb4 Rc3 27. Nd5 Rc2
28. Bxd3 Rxa2 29. Bc4 Ra4 30. Qb5 Qg5 31. Bb3 Rd4 32. Qe2 Rc8 33. Rbc1 Re8 34.
Ba2 f5 35. Rc4 Rxd1+ 36. Qxd1 fxe4 37. f4 Qg3 38. Qe2 Nd3 39. Rxe4 Bd4+ 40. Kf1
Rxe4 0-1

[Event "Autumn Cup"]
[Site "Wellington Chess Club"]
[Date "2014.05.15"]
[Round "3"]
[White "Stracy, Don"]
[Black "Stoeveken, Peter"]
[Result "1-0"]
[WhiteElo "1854"]
[BlackElo "1886"]

1. e4 e6 2. d4 d5 3. Nd2 dxe4 4. Nxe4 Nf6 5. Nxf6+ Qxf6 6. Nf3 h6 7. Bd3 Bd7 8.
O-O Bc6 9. Ne5 Bd6 10. Nxc6 Nxc6 11. Be3 Ne7 12. c4 c6 13. Qd2 Nf5 14. Bxf5
Qxf5 15. Rad1 Rd8 16. Rfe1 O-O 17. Qd3 Qh5 18. g3 Rd7 19. Qe2 Qxe2 20. Rxe2 a6
21. Red2 Rfd8 22. a3 Be7 23. Kf1 Bf6 24. Ke2 Be7 25. Rd3 f5 26. Bf4 Bf6 27. Be5
Kf7 28. Bxf6 gxf6 29. f4 Re7 30. Kf3 e5 31. fxe5 fxe5 32. dxe5 Rxd3+ 33. Rxd3
Rxe5 34. Rd7+ Re7 35. Rxe7+ Kxe7 36. Kf4 Kf6 37. c5 a5 38. b4 a4 39. g4 fxg4
40. Kxg4 Ke5 41. Kh5 Kd4 42. Kxh6 Kc3 43. h4 Kb3 44. h5 Kxa3 45. Kg6 Kb2 46. h6
a3 47. h7 a2 48. h8=Q+ Kb1 49. Qh1+ Kb2 50. Qg2+ Kb1 51. Qf1+ Kb2 52. Qe2+ Kb1
53. Qd1+ Kb2 54. Qd2+ Kb1 55. Qd3+ Kb2 56. b5 cxb5 57. Qxb5+ Kc1 58. Qa4 Kb2
59. Qb4+ Kc1 60. Qc3+ Kb1 61. Qb3+ Ka1 62. Kf7 b5 63. Qd1+ Kb2 64. c6 a1=Q 65.
Qxa1+ Kxa1 66. c7 b4 67. c8=Q 1-0

[Event "Autumn Cup"]
[Site "Wellington Chess Club"]
[Date "2014.05.15"]
[Round "3"]
[White "Timergazi, Layla"]
[Black "Aldridge, Alan"]
[Result "1-0"]
[WhiteElo "1957"]
[BlackElo "1980"]

1. d4 Nf6 2. c4 e6 3. Nc3 Bb4 4. Qc2 d5 5. Nf3 O-O 6. Bg5 h6 7. Bh4 c5 8. e3
Nc6 9. cxd5 exd5 10. dxc5 Re8 11. O-O-O Be6 12. Bxf6 Qxf6 13. Nxd5 Bxd5 14.
Rxd5 Rad8 15. Bc4 Rxd5 16. Bxd5 Qe7 17. Bxc6 bxc6 18. Nd4 Bxc5 19. Nxc6 Qg5 20.
Rd1 Bb6 21. Kb1 Qxg2 22. a4 a5 23. Rd7 Qg1+ 24. Ka2 Qxh2 25. Qf5 Kh8 26. Qxf7
Rg8 27. Ne7 1-0

[Event "Autumn Cup"]
[Site "Wellington Chess Club"]
[Date "2014.05.22"]
[Round "4"]
[White "Cunningham, Patrick"]
[Black "List, Robert"]
[Result "0-1"]
[WhiteElo "1766"]
[BlackElo "1661"]

1. e4 c6 2. d4 d5 3. Nc3 dxe4 4. Nxe4 Bf5 5. Ng3 Bg6 6. Nf3 e6 7. Bc4 Bd6 8.
O-O Nd7 9. Bg5 Qc7 10. Qe2 Ngf6 11. Rfe1 O-O-O 12. Ne5 Rde8 13. Rad1 Nd5 14.
Bd2 Bxc2 15. Rc1 Bg6 16. Nxc6 bxc6 17. Bb5 c5 18. dxc5 Bxg3 19. hxg3 Re7 20.
Ba6+ Kd8 21. Qb5 Qb8 22. Ba5+ Nc7 23. Qxb8+ Nxb8 24. Red1+ Rd7 25. Bb7 Ke7 26.
Bf3 Rc8 27. c6 Rxd1+ 28. Rxd1 Nd5 29. Bxd5 exd5 30. Bb4+ Ke6 31. Re1+ Kf5 32.
c7 Nc6 33. Bd6 d4 34. b4 f6 35. g4+ Kxg4 36. b5 Ne5 37. a4 Bd3 38. a5 Bxb5 39.
a6 d3 40. Re4+ Kf5 41. Rb4 d2 42. Rd4 Bd3 43. g4+ Ke6 44. Bxe5 d1=Q+ 45. Kh2
fxe5 0-1

[Event "Autumn Cup"]
[Site "Wellington Chess Club"]
[Date "2014.05.22"]
[Round "4"]
[White "Dive, Russell"]
[Black "Croad, Nicolas"]
[Result "1/2-1/2"]
[WhiteElo "2451"]
[BlackElo "2357"]

1. c4 Nf6 2. g3 e6 3. Bg2 d5 4. Nf3 Be7 5. O-O O-O 6. b3 a5 7. Bb2 a4 8. Na3
Nbd7 9. d4 c6 10. Qc2 Bb4 11. Qd3 Ne4 12. Nc2 Be7 13. Nd2 Nxd2 14. Qxd2 Nf6 15.
f3 axb3 16. axb3 Rxa1 17. Rxa1 dxc4 18. bxc4 e5 19. e4 Qb6 20. Bc3 exd4 21.
Bxd4 Bc5 22. Bxc5 Qxc5+ 23. Qd4 Qe7 24. e5 Nd7 25. f4 Qc5 26. Kf2 g6 27. Ke3
Re8 28. Qxc5 Nxc5 29. Ra5 Na6 30. Nd4 Kg7 31. Kd3 f6 32. Nf3 fxe5 33. Nxe5 c5
34. Rb5 Re7 35. h4 Rc7 36. Kc3 Re7 37. Bd5 Rc7 38. Nd3 Kf6 39. Rb6+ Kg7 40. Rd6
Bf5 41. Ne5 Nb4 42. Rd8 Rc8 43. Rxc8 Bxc8 44. g4 Kf6 45. Be4 Ke7 46. g5 Kf8 47.
h5 gxh5 48. Bxh7 h4 49. Be4 h3 50. f5 Nc6 51. Ng6+ Ke8 52. f6 h2 53. Nf4 Bf5
54. Bd5 Nb4 55. Bxb7 Kf7 56. Kd2 Bd7 57. Bf3 Bg4 58. Bg2 $2 Bd7 59. Ke3 $2 (
{incredibly } 59. Bf3 { wins, e.g.} 59... Bg4 60. Bxg4 $3 h1=Q 61. Bh5+ Kg8 62.
f7+ Kf8 63. Ne6+ Ke7 64. f8=Q+ Kxe6 65. Bg4+ Ke5 66. Qf6+ Ke4 67. Bf5+ {and
it's mate in 11. Pretty tricky to spot this in time trouble!} ) 59... Bc6 60.
Nd5 Ke6 61. Nf4+ Kf7 62. Nd5 Ke6 63. Nf4+ Kf7 64. Nd5 1/2-1/2

[Event "Autumn Cup"]
[Site "Wellington Chess Club"]
[Date "2014.05.22"]
[Round "4"]
[White "Farrington, Lawrence"]
[Black "Brockway, Andrew"]
[Result "1/2-1/2"]
[WhiteElo "1733"]
[BlackElo "1769"]

1. e4 c5 2. c3 d5 3. exd5 Qxd5 4. d4 Nf6 5. Nf3 Bg4 6. Be2 Nc6 (6... e6) 7. c4
Qd6 8. d5 Bxf3 9. Bxf3 Nd4 10. Nc3 e6 11. dxe6 Qxe6+ 12. Be2 Nxe2 13. Qxe2
Qxe2+ 14. Kxe2 O-O-O 15. h3 Bd6 16. Re1 Rhe8+ 17. Kf1 Rxe1+ 18. Kxe1 Bc7 19.
Bd2 Re8+ 20. Kf1 Ne4 21. Nxe4 Rxe4 22. Bc3 Be5 23. Bxe5 Rxe5 24. Re1 Rxe1+ 25.
Kxe1 1/2-1/2

[Event "Autumn Cup"]
[Site "Wellington Chess Club"]
[Date "2014.05.22"]
[Round "4"]
[White "Frost, Paul"]
[Black "Stracy, Don"]
[Result "1/2-1/2"]
[WhiteElo "1814"]
[BlackElo "1854"]

1. e4 c5 2. c3 Nf6 3. e5 Nd5 4. Nf3 Nc6 5. Be2 d6 6. exd6 Qxd6 7. O-O g6 8. Na3
Bg7 9. Nc4 Qd8 10. d3 O-O 11. Bg5 Re8 12. Qd2 b5 13. Ne3 Be6 14. Rfd1 Qb6 15.
Nc2 b4 16. d4 Rad8 17. c4 Nf6 18. Bxf6 Bxf6 19. d5 Bc8 20. Qc1 Na5 21. Rb1 b3
22. axb3 Nxb3 23. Qf4 Qd6 24. Qe3 Na5 25. Qa3 Bf5 26. Bd3 Nxc4 27. Qb3 Bxd3 28.
Rxd3 Ne5 29. Nxe5 Bxe5 30. g3 Rb8 31. Qa3 Rb7 32. Ne3 Bf6 33. Nc4 Qb8 34. b3
Bd4 35. Na5 Rb6 36. Nc6 Qb7 37. Nxd4 cxd4 38. Rxd4 Ra6 39. Qc1 Rd6 40. Qe3 Rxd5
41. Rxd5 Qxd5 42. Qxa7 e6 43. b4 Ra8 44. Qc5 Qxc5 45. bxc5 Rc8 46. Rc1 Kf8 47.
f4 Ke7 48. Kf2 Kd7 49. Ke3 Kc6 50. Kd4 f6 51. Rb1 Rd8+ 52. Kc4 Kc7 53. Rb6 Re8
54. Kb5 e5 55. Rxf6 e4 56. Rf7+ Kc8 57. Kb6 e3 58. c6 e2 59. Ra7 Kd8 60. Rd7+
Kc8 61. Rc7+ Kd8 62. Rd7+ Kc8 1/2-1/2

[Event "Autumn Cup"]
[Site "Wellington Chess Club"]
[Date "2014.05.22"]
[Round "4"]
[White "Jackson, Ross"]
[Black "Nyberg, Michael"]
[Result "0-1"]
[WhiteElo "2013"]
[BlackElo "2030"]

1. d4 Nf6 2. c4 g6 3. Nc3 d5 4. cxd5 Nxd5 5. e4 Nxc3 6. bxc3 Bg7 7. Bc4 c5 8.
Ne2 Nc6 9. Be3 Qa5 10. O-O O-O 11. Qb3 cxd4 12. cxd4 a6 13. Rac1 Qh5 14. Ng3
Qh4 15. Qb6 Bh6 16. f4 Nb8 17. Bd5 Nd7 18. Qc7 e6 19. Bxb7 Ra7 20. Rb1 Nf6 21.
Rf3 Ng4 22. Nf1 Nxe3 23. Nxe3 Bxb7 24. Rxb7 Bxf4 $1 25. Qc6 Qxh2+ 26. Kf1 Rxb7
27. Qxb7 Bxe3 28. Rxe3 Rb8 29. Qxa6 Rb1+ 30. Kf2 Qg1+ 0-1

[Event "Autumn Cup"]
[Site "Wellington Chess Club"]
[Date "2014.05.22"]
[Round "4"]
[White "Konakanchi, Karthik"]
[Black "Asplet, Mike"]
[Result "0-1"]
[WhiteElo "1308"]
[BlackElo "1358"]

1. d4 d5 2. c4 e6 3. Nc3 Nf6 4. Bf4 c6 5. e3 Bb4 6. Qb3 Ba5 7. Nf3 O-O 8. Bd3
dxc4 9. Qxc4 Qd5 10. O-O Qxc4 11. Bxc4 Nbd7 12. a3 b5 13. Ba2 b4 14. axb4 Bxb4
15. Bb1 Bxc3 16. bxc3 Bb7 17. e4 c5 18. dxc5 Nxe4 19. Bxe4 Bxe4 20. Bd6 Rfc8
21. Ra5 Bc6 22. Nd4 Nf6 23. Rb1 Ne4 24. Nxc6 Rxc6 25. Rab5 f6 26. Rb8+ Rxb8 27.
Rxb8+ Kf7 28. Rb7+ Kg6 29. Bf8 Nxc5 30. Rxg7+ Kf5 31. g4+ Kf4 32. Rf7 Ne4 33.
Bh6+ Kxg4 34. Rxa7 Rxc3 35. Rxh7 Kf3 36. Bd2 Rd3 37. Rh3+ Ke2 38. Rxd3 Kxd3 39.
Be3 Ng5 40. h4 Nf3+ 41. Kg2 Nxh4+ 42. Kg3 Nf5+ 43. Kf4 Nxe3 44. fxe3 e5+ 45.
Kf5 Kxe3 46. Kxf6 e4 47. Kf5 Kf3 0-1